'H' Vocabulary (Hard) Quiz Stats

 Plays Quiz Updated Dec 4, 2016

Support Sporcle.
Go Orange.
Score 0/25 Timer 09:00
0 Plays Today
% Correct
hieroglyph
94.8%
hemorrhage
94.1%
hosiery
93.8%
hickey
93.6%
herculean
92.9%
henchman
92.3%
heron
92.2%
haggle
91.9%
haggis
91.2%
heckle
91.2%
herald
90.5%
hamstring
90.1%
homage
89.9%
% Correct
heyday
89.1%
hedonism
87.8%
hominid
87.5%
hilt
87.4%
highbrow
87%
hubbub
86.6%
hepatic
84.8%
hexad
81.5%
heptad
80.2%
hegemony
79.7%
hyoid
70.7%
hallux
70%

You're not logged in!

Compare scores with friends on all Sporcle quizzes.
OR
Log In

From the Vault

Director Cameos

by Hejman

Who yells "cut" if the director is in the scene?
Remove Ads.
Support Sporcle.
Get the best of Sporcle when you Go Orange. This ad-free experience offers more features, more stats, and more fun while also helping to support Sporcle. Thank you for becoming a member.

Show Comments

Extras

Top Quizzes Today


Score Distribution

Your Account Isn't Verified!

In order to create a playlist on Sporcle, you need to verify the email address you used during registration. Go to your Sporcle Settings to finish the process.

Report this User

Report this user for behavior that violates our Community Guidelines.

Details: